000 00342nam a2200145Ia 4500
008 220928s9999 xx 000 0 und d
082 _bPAR
100 _aPARBH, SHRI CHANDRA
245 0 _aMUKTI KA MANOVIGYAN
260 _bSHRI A. B. JAIN SUDHARMA, JODHPUR
_c2013
300 _a87
650 _aGeneral
942 _cBK
999 _c208365
_d208365
041 _aHINDI